logo

Bir Sreshtho Munshi Abdur Rouf Library
Jhenaidah Cadet College

কালাপানি / (Record no. 32)

MARC details
000 -LEADER
fixed length control field 00833nam a2200265 a 4500
001 - CONTROL NUMBER
JCCL Control Number 32
003 - CONTROL NUMBER IDENTIFIER
JCCL marc code BD-JhCC
005 - DATE AND TIME OF LATEST TRANSACTION
control field 20171220131903.0
008 - FIXED-LENGTH DATA ELEMENTS--GENERAL INFORMATION
fixed length control field 17 s2009 bg a 000 0 benod
020 ## - INTERNATIONAL STANDARD BOOK NUMBER
International Standard Book Number 9848685278
035 ## - SYSTEM CONTROL NUMBER
system control number (BD-JhCC)32
040 ## - CATALOGING SOURCE
Original cataloging agency DLC
Transcribing agency DLC
Modifying agency BD-JhCC
041 ## - LANGUAGE CODE
Language code of Book ben
050 00 - LIBRARY OF CONGRESS CALL NUMBER
Classification number DS395.5
Item number .K57 2006
082 ## - DEWEY DECIMAL CLASSIFICATION NUMBER
Author mark and Year MAJ 2009
Classification number 851.4409
100 1# - MAIN ENTRY--PERSONAL NAME
Personal name মজিদ,শাকুর
245 10 - TITLE STATEMENT
Title কালাপানি /
Statement of responsibility, etc শাকুর মজিদ .
260 ## - PUBLICATION, DISTRIBUTION, ETC. (IMPRINT)
Place of publication, distribution, etc Ḍhākā :
Name of publisher, distributor, etc অন্যপ্রকাশ,
Date of publication, distribution, etc 2009.
300 ## - PHYSICAL DESCRIPTION
Pagination 79 p. :
Dimensions 23 cm.
Other physical details ill. ;
520 ## - SUMMARY, ETC.
Summary, etc Articles on political and social conditions in Bangladesh; includes articles on Islam and politics.
650 #0 - SUBJECT ADDED ENTRY--TOPICAL TERM
Topical term or geographic name as entry element Bengali Literature
651 #0 - SUBJECT ADDED ENTRY--GEOGRAPHIC NAME
Geographic name Bangladesh
General subdivision Social conditions.
942 ## - ADDED ENTRY ELEMENTS (KOHA)
Source of classification or shelving scheme Dewey Decimal Classification
Koha item type Books
Holdings
Source of classification or shelving scheme Damaged status Not for loan Home library Current library Shelving location Date of accession Cost, normal purchase price Total Checkouts Full call number Barcode Date last seen Copy number Koha item type Date checked out
Dewey Decimal Classification     JCC Rouf Library JCC Rouf Library General Stacks 09/24/2017 120.00   851.4409 MAJ 2009 1376 09/24/2017 C-1 Books  
Dewey Decimal Classification     JCC Rouf Library JCC Rouf Library General Stacks 10/02/2017 120.00   851.4409 MAJ 2009 1245 08/07/2018 C-2 Books  
Dewey Decimal Classification     JCC Rouf Library JCC Rouf Library General Stacks 10/09/2017 120.00 1 851.4409 MAJ 2009 1781 06/18/2023 C-3 Books 05/25/2023

JCC Library | Contacts | JCC Home

Last Update on 23 September 2017
Copyright @ 2017-2020 JCC Rouf Library
Rouf Library, Jhenidah Cadet College (JCC), Bangladesh